000 01094 a2200205 4500
003 Nust
005 20221019181829.0
010 _a 75329351
020 _a0258968214 :
040 _cNust
082 0 0 _a620.00151535,ROC
245 0 4 _aThe Finite element method :
_ba basic introduction /
_cK. C. Rockey
260 _aLondon :
_bCrosby Lockwood Staples,
_c1975.
300 _ax, 239 p. :
_bill. ;
_c24 cm.
505 _aBasic Concepts (Page-1), The Concept Of Stiffness Analysis (Page-7), Bar Finite Elements (Page-35), Finite Elements Of Continua (Page-49), Triangular Finite Element For Plane Elasticity (Page-55), Rectangular Finite Element For Plane Elasticity (Page-77), Rectangular Finite Element For Plate Flexure (Page-95), Analysis Of Folded-Plate, Box Girder And Shell Structures Using Rectangular Elements (Page-116), Axially Symmetric Continua (Page-131), Programming (Page-177), Triangular Finite Element For Plate Flexure (Page-196).
650 0 _aFinite element method.
650 0 _aStructural analysis (Engineering)
700 1 _aRockey, K. C.
_9100908
942 _2ddc
_cBK
999 _c182262
_d182262